[Event "ITA-ch U20"]
[Site "Tarvisio"]
[Date "2023.07.07"]
[Round "7"]
[White "Gazzato, Nicolo"]
[Black "Cai, Shenghui William"]
[Result "1-0"]
[WhiteElo "1539"]
[BlackElo "1252"]
[PlyCount "127"]
[EventDate "2023.07.02"]
[EventType "swiss"]
[EventRounds "9"]
[EventCountry "ITA"]
[SourceTitle "EXT 2024"]
[Source "ChessBase"]
[SourceDate "2023.10.10"]
[SourceVersion "1"]
[SourceVersionDate "2023.10.10"]
[SourceQuality "1"]

1. e4 e6 2. d3 d5 3. Nd2 Nf6 4. Ngf3 c5 5. g3 Nc6 6. Bg2 Be7 7. 0-0 0-0 8. Re1 b6 9. e5 Nd7 10. Nf1 h6 11. h4 Qc7 12. Bf4 Bb7 13. N1h2 a5 14. h5 b5 15. Ng4 Kh7 16. Qd2 Rh8 17. Bh3 a4 18. Nfh2 b4 19. a3 b3 20. c3 d4 21. c4 Bd8 22. Bg2 Qc8 23. Be4+ Kg8 24. Qe2 Ba5 25. Bd2 Bxd2 26. Qxd2 Ndxe5 27. Nxe5 Nxe5 28. Bxb7 Nxc4 29. Bxc8 Nxd2 30. Bb7 Rb8 31. Re2 Nc4 32. dxc4 Rxb7 33. Re5 Rc7 34. Nf3 Kf8 35. Ne1 Ke7 36. Nd3 Rhc8 37. Rae1 Rc6 38. g4 f6 39. R5e4 e5 40. f4 Re6 41. fxe5 fxe5 42. Rxe5 Rxe5 43. Rxe5+ Kd6 44. Rd5+ Ke7 45. Rxc5 Rxc5 46. Nxc5 Kd6 47. Nd3 Ke6 48. Kf2 Kf6 49. Kf3 Kf7 50. Ke4 Ke6 51. Kxd4 Kd6 52. c5+ Kc6 53. Nb4+ Kc7 54. Kd5 Kd7 55. c6+ Kc7 56. Na6+ Kc8 57. Kd6 Kd8 58. c7+ Kc8 59. Nb4 g5 60. hxg6 h5 61. g7 hxg4 62. g8Q+ Kb7 63. c8Q+ Kb6 64. Qa6# 1-0